[Event "Regionalliga SO 0203"]
[Site "Bayern"]
[Date "2003.01.26"]
[Round "5.2"]
[White "Lochte, Thomas"]
[Black "Hamberger, Hermann"]
[Result "1/2-1/2"]
[WhiteElo "2167"]
[BlackElo "2040"]
[PlyCount "184"]
[EventDate "2002.10.20"]
[EventType "team"]
[EventRounds "9"]
[EventCountry "GER"]
[SourceTitle "EXT 2004"]
[Source "ChessBase"]
[SourceDate "2003.11.25"]
[SourceVersion "1"]
[SourceVersionDate "2003.11.25"]
[SourceQuality "1"]
[WhiteTeam "Starnberg"]
[BlackTeam "Freilassing"]
[WhiteTeamCountry "GER"]
[BlackTeamCountry "GER"]

1. e4 c5 2. d4 cxd4 3. c3 d3 4. Bxd3 Nc6 5. Nf3 g6 6. Bc4 Bg7 7. e5 Bxe5 8. Bxf7+ Kxf7 9. Qd5+ Kg7 10. Nxe5 Nxe5 11. Qxe5+ Nf6 12. 0-0 Rf8 13. Re1 Rf7 14. Nd2 d6 15. Qd4 Qa5 16. Nf3 h6 17. b4 Qd5 18. Bb2 Qxd4 19. Nxd4 Kf8 20. Ne6+ Bxe6 21. Rxe6 Rc8 22. Rae1 Rc4 23. f3 g5 24. Rd1 Ng8 25. Rd5 Rf6 26. Re1 Kf7 27. a4 Re6 28. Rxe6 Kxe6 29. Rb5 Rc7 30. h4 d5 31. hxg5 hxg5 32. Bc1 g4 33. Bf4 Rc4 34. Bb8 gxf3 35. Bxa7 Rg4 36. g3 Rxg3+ 37. Kf2 Rg2+ 38. Kxf3 Rc2 39. Bd4 Nf6 40. Rxb7 Ne4 41. a5 Nd6 42. a6 Ra2 43. b5 Kf5 44. Bc5 Ne4 45. Bxe7 Nxc3 46. Bb4 Nxb5 47. Rxb5 Rxa6 48. Rxd5+ Ke6 49. Ke4 Rb6 50. Bc5 Ra6 51. Re5+ Kf6 52. Be7+ Kf7 53. Kf5 Ra1 54. Bg5 Ra7 55. Rb5 Rc7 56. Bf6 Ra7 57. Re5 Rb7 58. Re4 Rb5+ 59. Be5 Rb1 60. Ra4 Rf1+ 61. Bf4 Re1 62. Ra7+ Re7 63. Ra1 Re2 64. Rd1 Re7 65. Bg5 Rb7 66. Bf6 Rb5+ 67. Be5 Ke7 68. Rc1 Rb7 69. Rc5 Kd7 70. Ke4 Ke7 71. Rc6 Rb4+ 72. Kf5 Rb7 73. Rd6 Rb5 74. Rd1 Ra5 75. Rd6 Rb5 76. Rc6 Rb7 77. Rc5 Kd7 78. Ke4 Ke7 79. Rd5 Rb4+ 80. Kf5 Rb6 81. Bd4 Rc6 82. Bc5+ Ke8 83. Be3 Rc7 84. Bg5 Rd7 85. Re5+ Kf7 86. Bf6 Ra7 87. Rb5 Rc7 88. Be5 Ra7 89. Rb8 Rd7 90. Rh8 Ke7 91. Rg8 Kf7 92. Rg2 Ke7 1/2-1/2

[Event "Donau op 11th"]
[Site "Aschach"]
[Date "2002.12.28"]
[Round "4"]
[White "Hamberger, Hermann"]
[Black "Knoll, Hermann"]
[Result "1/2-1/2"]
[WhiteElo "2135"]
[BlackElo "2365"]
[PlyCount "71"]
[EventDate "2002.12.26"]
[EventType "swiss"]
[EventRounds "7"]
[EventCountry "AUT"]
[SourceTitle "CBM 091 Extra"]
[Source "ChessBase"]
[SourceDate "2003.01.09"]
[SourceVersion "1"]
[SourceVersionDate "2003.01.09"]
[SourceQuality "1"]

1. e4 c6 2. d4 d5 3. f3 g6 4. Nc3 Bg7 5. Be3 Qb6 6. Rb1 e5 7. Nge2 Ne7 8. Qd2 exd4 9. Bxd4 Bxd4 10. Qxd4 Qxd4 11. Nxd4 Be6 12. exd5 Bxd5 13. Kf2 Nd7 14. Re1 Nf6 15. g3 Rd8 16. Nxd5 Nfxd5 17. c3 Kf8 18. Bc4 Nb6 19. Bb3 c5 20. Nb5 a6 21. Na3 Nc6 22. Rd1 Kg7 23. Rxd8 Rxd8 24. Rd1 Rxd1 25. Bxd1 Ne5 26. Be2 Na4 27. f4 Nd7 28. Bf3 b5 29. Bb7 Nb8 30. b4 cxb4 31. cxb4 Nc3 32. Nc2 Nxa2 33. Ke3 Kf6 34. Kd4 g5 35. fxg5+ Kxg5 36. Bd5 1/2-1/2

[Event "AUT-chT2W 0203"]
[Site "Austria"]
[Date "2002.11.30"]
[Round "5"]
[White "Hamberger, Hermann"]
[Black "Fruehauf, Norbert"]
[Result "1-0"]
[WhiteElo "2135"]
[BlackElo "2082"]
[PlyCount "93"]
[EventDate "2002.10.??"]
[EventType "team"]
[EventRounds "11"]
[EventCountry "AUT"]
[SourceTitle "EXT 2004"]
[Source "ChessBase"]
[SourceDate "2003.11.25"]
[SourceVersion "1"]
[SourceVersionDate "2003.11.25"]
[SourceQuality "1"]

1. e4 e5 2. Nf3 Nc6 3. Bc4 Nf6 4. Ng5 d5 5. exd5 b5 6. Bxb5 Qxd5 7. Nc3 Qxg2 8. Qf3 Qxf3 9. Nxf3 Bd7 10. 0-0 Nd4 11. Bxd7+ Nxd7 12. Nxd4 exd4 13. Nb5 0-0-0 14. Nxd4 Ne5 15. Nb3 Bd6 16. Kg2 g5 17. d4 Nc6 18. c3 Rde8 19. Bd2 Re4 20. f3 Re2+ 21. Rf2 Re7 22. Re1 Rxe1 23. Bxe1 Ne7 24. Re2 Nf5 25. Nd2 h5 26. Nc4 Bf4 27. Bf2 g4 28. Bg3 Bg5 29. Re5 Nh4+ 30. Bxh4 Bxh4 31. fxg4 hxg4 32. Re4 f5 33. Rf4 Rf8 34. Ne5 Bg5 35. Rf1 Rf6 36. h3 gxh3+ 37. Kxh3 Kd8 38. d5 Ke7 39. c4 Kd6 40. Nc6 a6 41. b4 Be3 42. Kg3 f4+ 43. Kf3 Rf8 44. Rh1 Rg8 45. Rh6+ Kd7 46. c5 Bd2 47. Rh7+ 1-0

[Event "AUT-chT2W 0203"]
[Site "Austria"]
[Date "2002.11.29"]
[Round "4"]
[White "Burschowsky, Matthias"]
[Black "Hamberger, Hermann"]
[Result "1-0"]
[WhiteElo "2169"]
[BlackElo "2135"]
[PlyCount "81"]
[EventDate "2002.10.??"]
[EventType "team"]
[EventRounds "11"]
[EventCountry "AUT"]
[SourceTitle "EXT 2004"]
[Source "ChessBase"]
[SourceDate "2003.11.25"]
[SourceVersion "1"]
[SourceVersionDate "2003.11.25"]
[SourceQuality "1"]

1. d4 Nf6 2. Nf3 c5 3. c4 cxd4 4. Nxd4 e5 5. Nf3 Nc6 6. Nc3 Bb4 7. Bd2 0-0 8. e3 e4 9. Nd4 Nxd4 10. exd4 d5 11. Qb3 Bxc3 12. bxc3 Re8 13. Be3 Re6 14. Be2 Rb6 15. Qa3 dxc4 16. Bxc4 Ng4 17. Bf4 Qf6 18. Bg3 Be6 19. Bxe6 Qxe6 20. 0-0 e3 21. fxe3 Qxe3+ 22. Kh1 Rh6 23. Rf3 Qd2 24. Qe7 Rf6 25. Re1 Rf8 26. h3 h5 27. hxg4 Rxf3 28. gxf3 hxg4 29. fxg4 Qxc3 30. Qe3 Qc6+ 31. Kg1 Qd5 32. a3 Rc8 33. Re2 b5 34. Qe4 Qb3 35. Qe3 Qd5 36. Be5 Rc6 37. Qe4 Qc4 38. d5 Rc5 39. d6 Qb3 40. Qa8+ Kh7 41. Rh2+ 1-0

[Event "AUT-chT 0102"]
[Site "Austria"]
[Date "2002.03.08"]
[Round "9.6"]
[White "Perhinig, Robert"]
[Black "Hamberger, Hermann"]
[Result "1-0"]
[WhiteElo "2191"]
[BlackElo "2141"]
[PlyCount "86"]
[EventDate "2001.10.31"]
[EventType "team-tourn"]
[EventRounds "11"]
[EventCountry "AUT"]
[SourceTitle "EXT 2002"]
[Source "ChessBase"]
[SourceDate "2001.11.25"]
[SourceVersion "1"]
[SourceVersionDate "2001.11.25"]
[SourceQuality "1"]
[WhiteTeam "Gleisdorf"]
[BlackTeam "Salzburg Mozart"]
[WhiteTeamCountry "AUT"]
[BlackTeamCountry "AUT"]

1. d4 Nf6 2. Nf3 c5 3. c3 b6 4. g3 Bb7 5. Bg2 g6 6. 0-0 Bg7 7. Nbd2 0-0 8. Re1 d6 9. e4 cxd4 10. cxd4 Nfd7 11. b3 Nc6 12. Bb2 Rc8 13. Nc4 b5 14. Ne3 Nb6 15. Qd2 Nb8 16. Qd3 Qd7 17. Rad1 b4 18. Qb1 a5 19. e5 d5 20. a4 bxa3 21. Bxa3 Rfe8 22. e6 Qxe6 23. Nc4 Qf6 24. Nxa5 Ba6 25. Ne5 Bb5 26. h4 Qf5 27. Qxf5 gxf5 28. Bc5 N6d7 29. Nxd7 Nxd7 30. Bxe7 Ra8 31. Nb7 Bc6 32. Nd6 Reb8 33. Nxf5 Rxb3 34. Bd6 Bf6 35. Rc1 Bb7 36. Rc7 Nf8 37. Nh6+ Kg7 38. Nxf7 Kg6 39. Ne5+ Bxe5 40. Bxe5 Ne6 41. Rxb7 Rxb7 42. Bxd5 Nd8 43. Be4+ Kf7 1-0